Beyond the world of Apu: (Record no. 11669)

MARC details
000 -LEADER
fixed length control field 01797 a2200277 4500
010 ## - LCCN (DPL NO)
LC control number ENG-89935 B-448679-683
020 ## - INTERNATIONAL STANDARD BOOK NUMBER
International Standard Book Number 8125035109
Terms of availability 550.0
035 ## - SYSTEM CONTROL NUMBER
System control number EN-73468 B-448679-683
037 ## - SOURCE OF ACQUISITION
Source of stock number/acquisition DBAD / PUB
037 ## - SOURCE OF ACQUISITION
Source of stock number/acquisition K.K.Pub/Ven
082 14 - DEWEY DECIMAL CLASSIFICATION NUMBER
Classification number 791.4375
100 1# - MAIN ENTRY--PERSONAL NAME
Personal name Hood, John W.
245 1# - TITLE STATEMENT
Title Beyond the world of Apu:
Statement of responsibility, etc by John W. Hood
Remainder of title the films of Satyajit Ray/
260 ## - PUBLICATION, DISTRIBUTION, ETC. (IMPRINT)
Place of publication, distribution, etc New Delhi
Name of publisher, distributor, etc Orient Longman
Date of publication, distribution, etc 2008
270 ## - ADDRESS
Address 1/24, Asaf Ali Road,
City New Delhi
Postal code 110002
Electronic mail address delgeneral@orientlongman.com
State or province Delhi
300 ## - PHYSICAL DESCRIPTION
Extent xi, 476p.
Dimensions 22 cm (pbk)
500 ## - GENERAL NOTE
General note Includes index.
942 ## - ADDED ENTRY ELEMENTS (KOHA)
Institution code [OBSOLETE] dpl
Item type English Books
Call number prefix
Source of classification or shelving scheme Dewey Decimal Classification
Classification part 791.4375
Call number suffix HOO
Holdings
Withdrawn status Lost status Not for loan Collection code Home library Current library Source of acquisition Cost, normal purchase price Full call number Barcode Copy number Cost, replacement price Koha item type Date acquired
      Non-fiction Central Library Central Library K.K.Pub/1321/24.09.2011/03/24.09.2011/09.11.2011 550.00 791.4375 HOO B-448679 1 550.00 English Books 13/06/2012
    Not For Loan Non-fiction D.B.Act.Division D.B.Act.Division DBAD/PUB 550.00 791.4375 HOO EN-73468 1 550.00 English Books  
      Non-fiction Karol Bagh Karol Bagh K.K.Pub/1321/24.09.2011/03/24.09.2011/09.11.2011 550.00 791.4375 HOO B-448682 1 550.00 English Books 13/06/2012
      Non-fiction Patel Nagar Patel Nagar K.K.Pub/1321/24.09.2011/03/24.09.2011/09.11.2011 550.00 791.4375 HOO B-448680 1 550.00 English Books 13/06/2012
      Non-fiction Sarojini Nagar Sarojini Nagar K.K.Pub/1321/24.09.2011/03/24.09.2011/09.11.2011 550.00 791.4375 HOO B-448681 1 550.00 English Books 13/06/2012
  Written-off vide DLB M. No. 383 dt 16.05.19   Non-fiction Shahdara Branch Shahdara Branch K.K.Pub/1321/24.09.2011/03/24.09.2011/09.11.2011 550.00 791.4375 HOO B-448683 1 550.00 English Books 13/06/2012

© Delhi Public Library
Hit Counter
free hit counter